000
00261nam a22001217a 4500
008
180913b xxu||||| |||| 00| 0 eng d
041
_a
eng
080
_a
371
100
_a
47
101
_a
EDU
245
_a
Lifetime Reading List
_c
MONIC.A
942
_2
udc
_c
BK
999
_c
47731
_d
47731